| 000 | 01213nam a2200205Ia 4500 | ||
|---|---|---|---|
| 003 | Ost | ||
| 005 | 20260507074904.0 | ||
| 008 | 260507s9999||||xx |||||||||||||| ||und|| | ||
| 040 | _cfsecg | ||
| 041 | _aara | ||
| 082 | _a658.8 | ||
| 100 |
_aأبو نبعة، عبد العزيز مصطفى _eمؤلف |
||
| 245 | 0 |
_aالتسويق المعاصر : _bالمبادئ، النظرية والتطبيق / _c عبد العزيز مصطفى أبو نبعة |
|
| 260 |
_aعمان: _bدار المناهج للنشر والتوزيع, _c2006 |
||
| 300 |
_a561 صفحة؛ _bإيضاحات ؛ _c25 سم |
||
| 520 | _aيضم نظرية التسويق الحديث، مفاهيم تسويقية حديثة، البيئة التسويقية، مدخلات التسويق، العملية التسويقية، مخرجات التسويق، نظام معلومات التسويق، التسويق في التطبيق، تطبيقات في مفهوم التسويق الحديث، تطبيق في البيئة التسويقية، تطبيق في مدخلات التسويق، تطبيقات في العملية التسويقية | ||
| 653 | _aأدارة المبيعات | ||
| 653 | _aالتسويق | ||
| 942 | _cكتاب | ||
| 999 |
_c41682 _d41682 |
||